Facultad de Derecho – Universidad Nacional de Mar del Plata

El Derecho y el Hecho Juridico (Record no. 4244)

MARC details
000 -CABECERA
campo de control de longitud fija 00653nam a22002177a 4500
020 ## - NUMERO INTERNACIONAL NORMALIZADO PARA LIBROS (ISBN)
International Standard Book Number 9502106695
080 ## - NUMERO DE CLASIFICACION DECIMAL UNIVERSAL (CDU)
Número de la Clasificación Decimal Universal 340.12+ 347.13 W 125
100 ## - ASIENTO PRINCIPAL--NOMBRE PERSONAL
Nombre personal Wagner Manuel A.
245 ## - MENCION DE TITULO
Título propiamente dicho El Derecho y el Hecho Juridico
Parte restante del título Teoria. Interpretacion y Aplicacion Sistematica, arts. 16 y 896/ 919. Codigo Civil Argentino
260 ## - PUBLICACION, DISTRIBUCION, ETC. (PIE DE IMPRENTA)
Lugar de publicación, distribución, etc. Buenos Aires
Nombre del editor, distribuidor, etc. PLus Ultra
Fecha de publicación, distribución, etc. 1985
300 ## - DESCRIPCION FISICA
Extensión 154 P.
650 ## - ASIENTO SECUNDARIO DE MATERIA - TERMINO TEMATICO
Subdivisión general derecho
650 ## - ASIENTO SECUNDARIO DE MATERIA - TERMINO TEMATICO
Subdivisión general dimension normologica
650 ## - ASIENTO SECUNDARIO DE MATERIA - TERMINO TEMATICO
Subdivisión general dimension sociologica
650 ## - ASIENTO SECUNDARIO DE MATERIA - TERMINO TEMATICO
Subdivisión general dimension axiologica
650 ## - ASIENTO SECUNDARIO DE MATERIA - TERMINO TEMATICO
Subdivisión general hecho juridico
650 ## - ASIENTO SECUNDARIO DE MATERIA - TERMINO TEMATICO
Subdivisión general hechos voluntarios
650 ## - ASIENTO SECUNDARIO DE MATERIA - TERMINO TEMATICO
Subdivisión general silencio
942 ## - ELEMENTOS AGREGADOS (KOHA)
Clasificación normalizada de Koha para alfabetizar _
945 ## - INFORMACION DE PROCESAMIENTO LOCAL
Responsable de carga/modificación Celeste Delía
AAAA-MM-DD - Fecha de ingreso/modificación 2016-02-25
Holdings
Retirado Perdido Fuente de clasificación Dañado No se presta Ubicación permanente Locación actual Estante o sala Fecha de adquisición Total préstamos Signatura topográfica Inventario Ultima fecha vista Ultima fecha prestado Fecha del precio Tipo de item de Koha
          Bib. Derecho Bib. Derecho Sala de Lectura 25/02/2016 1 340.12+ 347.13 W 125 203278 23/10/2018 18/10/2018 25/02/2016 LIBRO (Consulta)

XHTML | CSS | ©Biblioteca Central - Dto. Tecnología de la Información - [ Con tecnología Koha ]